000 00678cam a2200253 4500500
005 20260329004845.0
041 _afre
042 _adc
100 1 0 _aEltchaninoff, Michel
_eauthor
245 0 0 _aZizanie dans le métro
260 _c2021.
500 _a3
690 _aColère
690 _aContrôle
690 _aÉnervement
690 _aMétro
690 _aTechnique
690 _aTemps
690 _aTransports
690 _aVélo
690 _aViolence
786 0 _nPhilosophie magazine | 150 | 6 | 2021-06-01 | p. 44-53 | 1951-1787
856 4 1 _uhttps://shs.cairn.info/magazine-philosophie-magazine-2021-6-page-44?lang=fr&redirect-ssocas=7080
999 _c1837912
_d1837912